| 000 | 00582nam a2200193Ia 4500 | ||
|---|---|---|---|
| 003 | GCL | ||
| 008 | 140319s9999 xx 000 0 ara d | ||
| 040 |
_aGCL / _cGCL |
||
| 082 | 0 | 4 |
_a842 _bم ل |
| 100 | 1 | _aمخائيل بشاى | |
| 245 | 1 | 0 |
_aلورانزاتشو / _cمخائيل بشاى |
| 700 | 1 | _aيوسف شاهين | |
| 700 | 1 | _aموسيه, الفريد دى | |
| 300 | _a237 ص | ||
| 490 |
_aمن المسرح العالمى _v0 |
||
| 650 | 0 | 4 | _aالمسرحيات الفرنسية |
| 650 | 0 | 4 | _aالمسرحيات الفرنسية المترجمة |
| 942 |
_2ddc _cBK |
||
| 999 |
_c39857 _d39857 |
||